Ley de tránsito: DFL N§1, texto refundido y sistematizado de la ley N§18.290
Salvato in:
| Natura: | Libro |
|---|---|
| Lingua: | spagnolo |
| Pubblicazione: |
Santiago
Jurídica de Chile
2010
|
| Edizione: | 5a. ed |
| Serie: | Colección Textos Legales, 136
|
| Soggetti: | |
| Tags: |
Aggiungi Tag
Nessun Tag, puoi essere il primo ad aggiungerne!!
|
MARC
| LEADER | 00000nam a2200000 a 4500 | ||
|---|---|---|---|
| 001 | UCG3113 | ||
| 003 | CL-VaPUC | ||
| 008 | 100812e20100600CL |||||||||||||||||spa|d | ||
| 020 | |a 9789561020399 | ||
| 082 | 0 | 4 | |a 343.83094 |b LEY |2 21 |
| 245 | 1 | 0 | |a Ley de tránsito: DFL N§1, texto refundido y sistematizado de la ley N§18.290 |
| 250 | |a 5a. ed | ||
| 300 | |a 470 p | ||
| 942 | |c BK | ||
| 945 | |d 20100812 00:00:00 |a mfarfan | ||
| 260 | |a Santiago |b Jurídica de Chile |c 2010 | ||
| 650 | 7 | |a REGLAMENTO DEL TRANSITO |2 CL-VaPUC |9 260352 | |
| 650 | 7 | |a TRANSITO LEGISLACION |2 CL-VaPUC |9 260355 | |
| 651 | 7 | |a CHILE |2 CL-VaPUC |9 551993 | |
| 583 | |a last modification |c 20100812 00:00:00 |k Rodrigo Vera | ||
| 490 | 0 | |a Colección Textos Legales, 136 | |
| 999 | |c 342209 |d 342207 | ||
| 952 | |0 0 |1 0 |4 0 |6 343_830940000000000_LEY_2010 |7 0 |8 A |9 438268 |a BIBDER |b BIBDER |d 2019-11-22 |i 4704002 |l 1 |o 343.83094 LEY 2010 |p 4704002 |r 2024-03-15 |s 2024-03-15 |w 2019-11-22 |y BK |k DER | ||